|
|
|
|
| LEADER |
00000naa2a2200000 4500 |
| 001 |
77843 |
| 005 |
20231031093449.0 |
| 035 |
|
|
|a (RuTPU)RU\TPU\book\83445
|
| 090 |
|
|
|a 77843
|
| 100 |
|
|
|a 20050531d2001 k y0rusy50 ca
|
| 101 |
0 |
|
|a rus
|
| 102 |
|
|
|a RU
|
| 200 |
1 |
|
|a Опыт внедрения системы менеджмента качества в НИИ ИН
|f А. С. Клепиков, С. А. Погребняк, М. В. Моисеенко
|
| 463 |
|
0 |
|0 (RuTPU)RU\TPU\book\37766
|y 5-86889-083-3
|t Качество - стратегия XXI века
|o Материалы VI Международной научно-практической конференции, Томск, 2001
|f Администрация Томской области; Академия проблем качества России. Томское отделение
|v С. 46-48.
|d 2001
|p 187 с.
|s Качество во имя лучшей жизни
|
| 610 |
1 |
|
|a система менеджмента качества
|
| 610 |
1 |
|
|a системы качества
|
| 610 |
1 |
|
|a внедрение
|
| 610 |
1 |
|
|a международные стандарты
|
| 610 |
1 |
|
|a СМК
|
| 610 |
1 |
|
|a ИСО
|
| 610 |
1 |
|
|a научно-исследовательские институты
|
| 610 |
1 |
|
|a труды учёных ТПУ
|
| 700 |
|
1 |
|a Клепиков
|b А. С.
|
| 701 |
|
1 |
|a Погребняк
|b С. А.
|
| 701 |
|
1 |
|a Моисеенко
|b М. В.
|
| 801 |
|
1 |
|a RU
|b 63413507
|c 20050531
|g PSBO
|
| 801 |
|
2 |
|a RU
|b 63413507
|c 20080619
|g PSBO
|
| 942 |
|
|
|c BK
|